[Event "Challenge"]
[Site "http://www.queenalice.com/game.php?id=270007"]
[Date "2007.9.11"]
[Round "-"]
[White "SJRomano"]
[Black "Rjasinski"]
[Result "1-0"]
[WhiteElo "1876"]
[BlackElo "1693"]

1. e4 c5 2. Nf3 d6 3. d4 cxd4 4. Nxd4 Nf6 5. Nc3 g6 6. Be3 Bg7 7. f3 Nc6 8. Bc4
O-O 9. O-O Qb6 10. Bb3 Nxe4 11. Nd5 Qd8 12. fxe4 e6 13. Nc3 a6 14. Qd2 Nxd4 15.
Bxd4 e5 16. Be3 b5 17. Rxf7 Rxf7 18. Rf1 1-0

[Event "Challenge"]
[Site "http://www.queenalice.com/game.php?id=275891"]
[Date "2007.9.23"]
[Round "-"]
[White "lesangesleader"]
[Black "SJRomano"]
[Result "0-1"]
[WhiteElo "1688"]
[BlackElo "1919"]

1. Nf3 Nf6 2. d4 d5 3. e3 Bf5 4. c4 c6 5. cxd5 cxd5 6. Nc3 e6 7. Bd2 Nc6 8. a3
Bd6 9. Be2 Ne4 10. O-O O-O 11. g3 Rc8 12. Nh4 Bh3 13. Re1 Qg5 14. Bf1 Bxf1 15.
Rxf1 Nxc3 16. Bxc3 Rc7 17. f4 Qh6 18. f5 Qxe3+ 19. Kh1 Rcc8 20. Re1 Qg5 21. fxe6
Ne7 22. Nf3 Qf6 23. exf7+ Qxf7 24. Rf1 Nf5 25. Qd3 Bxg3 26. Ne5 Qh5 27. Nf3 Rce8
28. Be1 Re3 29. Qd2 Bxe1 30. Raxe1 Ng3+ 31. Kg2 Nxf1 32. Rxf1 Qg4+ 33. Kh1 Rexf3
0-1

[Event "Challenge"]
[Site "http://www.queenalice.com/game.php?id=294266"]
[Date "2007.10.28"]
[Round "-"]
[White "SJRomano"]
[Black "technicaldraw"]
[Result "1-0"]
[WhiteElo "1948"]
[BlackElo "2023"]

1. e4 e6 2. d4 d5 3. e5 c5 4. c3 Nc6 5. Nf3 Bd7 6. Be2 Nge7 7. h4 cxd4 8. cxd4
Qb6 9. Na3 Nf5 10. Nc2 f6 11. O-O fxe5 12. Nxe5 Nxe5 13. dxe5 Bc5 14. b4 Be7 15.
h5 d4 16. Bd3 O-O 17. h6 g6 18. a4 Bc6 19. a5 Qc7 20. Qe2 Nh4 21. f3 Rad8 22.
Bb2 Rd5 23. f4 Nxg2 24. Qxg2 Rxe5 25. Qg4 Rh5 26. Qxe6+ Rf7 27. Be4 1-0

[Event "Challenge"]
[Site "http://www.queenalice.com/game.php?id=294347"]
[Date "2007.10.28"]
[Round "-"]
[White "technicaldraw"]
[Black "SJRomano"]
[Result "0-1"]
[WhiteElo "1945"]
[BlackElo "1927"]

1. e4 e5 2. Nf3 Nc6 3. Bb5 a6 4. Bxc6 dxc6 5. O-O f6 6. d4 Bg4 7. dxe5 Qxd1 8.
Rxd1 fxe5 9. Nbd2 O-O-O 10. Re1 Bd6 11. h3 Bh5 12. Nh4 Bf7 13. Nf5 g6 14. Nxd6+
cxd6 15. f4 Nf6 16. Nf3 Nd7 17. fxe5 Nxe5 18. Nxe5 dxe5 19. Bg5 Rd4 20. c3 Rd3
21. Bf6 Re8 22. Rad1 Rxd1 23. Rxd1 Bxa2 24. g4 Bb3 25. Rd2 a5 0-1

[Event "Challenge"]
[Site "http://www.queenalice.com/game.php?id=308698"]
[Date "2007.11.23"]
[Round "-"]
[White "SJRomano"]
[Black "REIUSFENIX"]
[Result "1-0"]
[WhiteElo "1971"]
[BlackElo "1488"]

1. e4 e6 2. d4 c5 3. Nf3 h6 4. Nc3 cxd4 5. Nxd4 e5 6. Ndb5 a6 7. Nd6+ Bxd6 8.
Qxd6 Nc6 9. Nd5 Rb8 10. Nc7+ Qxc7 11. Qxc7 b6 12. Bc4 b5 13. Bd5 Rb7 14. Qxc8+
Nd8 15. Bxb7 Ne7 16. Qc7 g6 17. Bxa6 O-O 18. Bxh6 Re8 19. Qxd7 Rf8 20. Qxe7 Ne6
21. Bxb5 Rd8 22. Bc4 Kh7 23. Bxe6 Rb8 24. Bg5 Rg8 25. Qxf7+ Rg7 26. Qf3 Kh8 27.
Qh3+ Rh7 28. Bf6# 1-0

[Event "Challenge"]
[Site "http://www.queenalice.com/game.php?id=308699"]
[Date "2007.11.23"]
[Round "-"]
[White "SJRomano"]
[Black "REIUSFENIX"]
[Result "1-0"]
[WhiteElo "1971"]
[BlackElo "1504"]

1. e4 e6 2. d4 c5 3. Nf3 Nf6 4. Nc3 cxd4 5. Nxd4 e5 6. Ndb5 a6 7. Nd6+ Bxd6 8.
Qxd6 Nc6 9. Nd5 Nxd5 10. exd5 Nd4 11. Qxe5+ Qe7 12. Qxe7+ Kxe7 13. Bd3 b6 14.
Be3 Nb5 15. c4 Nd6 16. Bxb6 Re8 17. Kd2 Kf8 18. Bc5 Rb8 19. Bxd6+ Kg8 20. Bxb8
h5 21. Rae1 Rd8 22. Bc7 Rf8 23. Bd6 Rd8 24. Re7 h4 25. Rhe1 a5 26. Re8+ Rxe8 27.
Rxe8# 1-0

[Event "Challenge"]
[Site "http://www.queenalice.com/game.php?id=331287"]
[Date "2008.1.5"]
[Round "-"]
[White "GrazianiBR"]
[Black "SJRomano"]
[Result "0-1"]
[WhiteElo "2022"]
[BlackElo "1973"]

1. c4 e5 2. d3 Nf6 3. f4 exf4 4. Bxf4 d5 5. a3 dxc4 6. Qa4+ Nc6 7. Qxc4 Be6 8.
Qc3 Nd5 9. Qd2 Nd4 10. Qc1 Nb3 11. Qxc7 Nxc7 12. g3 Nxa1 13. Bg2 Nd5 0-1

[Event "Challenge"]
[Site "http://www.queenalice.com/game.php?id=344046"]
[Date "2008.1.28"]
[Round "-"]
[White "SJRomano"]
[Black "kalim"]
[Result "1-0"]
[WhiteElo "2007"]
[BlackElo "1835"]

1. e4 e5 2. Nf3 Nc6 3. Bb5 a6 4. Ba4 b5 5. Bb3 Nf6 6. O-O Bc5 7. c3 O-O 8. d4
exd4 9. cxd4 Bb6 10. e5 Ne4 11. Bd5 Nxf2 12. Rxf2 Ra7 13. Nc3 Ne7 14. Ng5 Nxd5
15. Qd3 g6 16. Nxd5 d6 17. Nf6+ Kg7 18. Qe3 dxe5 19. Ne6+ Bxe6 20. Qh6+ 1-0

[Event "Challenge"]
[Site "http://www.queenalice.com/game.php?id=344047"]
[Date "2008.1.28"]
[Round "-"]
[White "dinkoiliev"]
[Black "SJRomano"]
[Result "0-1"]
[WhiteElo "1797"]
[BlackElo "2016"]

1. e4 e5 2. Nf3 Nc6 3. d4 exd4 4. Nxd4 Nf6 5. Nxc6 bxc6 6. f3 Bc5 7. Bg5 Rb8 8.
e5 Qe7 9. Qe2 Bd4 10. exf6 Qxe2+ 11. Bxe2 Bxb2 12. fxg7 Rg8 13. O-O Rxg7 14. Bd2
Bxa1 15. Bc3 Bxc3 16. Nxc3 d5 17. Re1 f6 18. Bb5+ Kd7 19. Ba4 Kd6 20. Kf2 Bf5
21. g4 Bd7 22. Kg3 f5 23. Kf4 fxg4 24. fxg4 Rxg4+ 25. Kf3 Rf8+ 26. Ke2 Re8+ 27.
Kd1 Rd4+ 0-1

[Event "Challenge"]
[Site "http://www.queenalice.com/game.php?id=344802"]
[Date "2008.1.29"]
[Round "-"]
[White "Sherlock6834"]
[Black "SJRomano"]
[Result "0-1"]
[WhiteElo "1995"]
[BlackElo "2023"]

1. e4 e5 2. Nf3 Nc6 3. d4 exd4 4. Nxd4 Bc5 5. Be3 Qf6 6. c3 Nge7 7. Bc4 Ne5 8.
Qe2 O-O 9. O-O Nxc4 10. Qxc4 d6 11. Nd2 Re8 12. b4 Bb6 13. a4 Qg6 14. Kh1 a5 15.
f4 Qh5 16. b5 d5 17. Qb3 Bxd4 18. Bxd4 dxe4 19. Nxe4 Nf5 20. Ng5 Ng3+ 21. Kg1
Nxf1 22. Rxf1 Bg4 23. h3 Be2 24. Re1 h6 25. g4 Bxg4 26. Rxe8+ Rxe8 27. Nxf7 Re1+
0-1

[Event "Challenge"]
[Site "http://www.queenalice.com/game.php?id=344804"]
[Date "2008.1.29"]
[Round "-"]
[White "SJRomano"]
[Black "Ribar"]
[Result "1-0"]
[WhiteElo "1993"]
[BlackElo "1933"]

1. e4 c5 2. Nf3 a6 3. Nc3 Qc7 4. d4 cxd4 5. Nd5 Qd8 6. Bf4 d6 7. Qxd4 Nc6 8. Qb6
Qxb6 9. Nxb6 Rb8 10. e5 g5 11. Bxg5 Nxe5 12. Nxe5 dxe5 13. Bc4 e6 14. O-O-O Be7
15. Bd2 Bc5 16. Bc3 f6 17. Nxc8 Rxc8 18. Bxe6 Rd8 19. Rxd8+ Kxd8 20. Rd1+ Ke7
21. Bg4 Bd6 22. Bc8 Nh6 23. Bxb7 Ng4 24. Be1 f5 25. h3 Nf6 26. Bxa6 e4 27. a4
Nd7 28. b4 Rb8 29. c3 Ra8 30. Bb5 Ke6 31. c4 Ne5 32. c5 Be7 33. f4 Ng6 34. Bc4+
1-0

[Event "Challenge"]
[Site "http://www.queenalice.com/game.php?id=357299"]
[Date "2008.2.19"]
[Round "-"]
[White "SJRomano"]
[Black "Tosta"]
[Result "1-0"]
[WhiteElo "2052"]
[BlackElo "1954"]

1. e4 d6 2. d4 Nf6 3. Nc3 g6 4. Nf3 Bg7 5. Be2 O-O 6. O-O Nbd7 7. e5 dxe5 8.
dxe5 Ng4 9. e6 fxe6 10. Ng5 Nge5 11. Nxe6 Qe8 12. Nxc7 Qd8 13. Nxa8 Qa5 14. Qd5+
1-0

[Event "Challenge"]
[Site "http://www.queenalice.com/game.php?id=357300"]
[Date "2008.2.19"]
[Round "-"]
[White "fatharry"]
[Black "SJRomano"]
[Result "0-1"]
[WhiteElo "2009"]
[BlackElo "2081"]

1. e4 e5 2. Nf3 Nc6 3. Bc4 Bc5 4. c3 Nf6 5. d4 exd4 6. e5 d5 7. Bb5 Ne4 8. cxd4
Bb4+ 9. Nbd2 Bd7 10. Qb3 Nxd2 11. Bxd2 Bxd2+ 12. Kxd2 Na5 13. Bxd7+ Qxd7 14. Qb4
Nc4+ 15. Ke2 a5 16. Qc3 Qb5 17. a4 Qa6 18. b4 c6 19. Rhb1 axb4 20. Qd3 O-O 21.
Rxb4 f6 22. Rab1 Rf7 23. Ke1 Re8 24. Nd2 c5 25. Rb5 Nd6 26. R5b3 c4 27. Rb6 cxd3
28. Rxa6 bxa6 29. f4 fxe5 30. fxe5 Ne4 31. Nf3 Rxf3 0-1

[Event "Challenge"]
[Site "http://www.queenalice.com/game.php?id=357303"]
[Date "2008.2.19"]
[Round "-"]
[White "RationalKing"]
[Black "SJRomano"]
[Result "0-1"]
[WhiteElo "2008"]
[BlackElo "2096"]

1. e4 e5 2. Nc3 Nf6 3. Bc4 Nc6 4. f4 exf4 5. Nf3 Bb4 6. O-O O-O 7. e5 Ng4 8. d4
d6 9. Bxf4 dxe5 10. Bxe5 Ne3 11. Qd3 Nxf1 12. Rxf1 Bg4 13. Ne4 Bxf3 14. Rxf3
Nxe5 15. dxe5 Be7 16. Qc3 Qd7 17. Rd3 Qc6 18. Ng3 Rad8 19. Nf5 Bc5+ 20. Kf1 Qe4
21. Ng3 Qf4+ 0-1

[Event "Challenge"]
[Site "http://www.queenalice.com/game.php?id=357494"]
[Date "2008.2.20"]
[Round "-"]
[White "DenisDiaz"]
[Black "SJRomano"]
[Result "0-1"]
[WhiteElo "1991"]
[BlackElo "2038"]

1. e4 e5 2. Nf3 Nc6 3. Bc4 Bc5 4. Nc3 Nf6 5. a3 d6 6. h3 O-O 7. d3 Be6 8. Ba2
Bxa2 9. Nxa2 d5 10. Bg5 dxe4 11. Bxf6 Qxf6 12. dxe4 Qg6 13. O-O Qxe4 14. Re1 Qf5
15. Qe2 Rad8 16. Rad1 Nd4 17. Nxd4 Bxd4 18. c3 Bb6 19. Nc1 g6 20. Nd3 Rd6 21.
Qxe5 Rfd8 22. Qxf5 gxf5 23. Re5 Rxd3 24. Rxd3 Rxd3 25. Rxf5 c6 26. a4 Rd1+ 27.
Kh2 Rd2 28. b4 Bxf2 29. Rf3 h5 0-1

[Event "Challenge"]
[Site "http://www.queenalice.com/game.php?id=358240"]
[Date "2008.2.21"]
[Round "-"]
[White "jrafaelcc"]
[Black "SJRomano"]
[Result "0-1"]
[WhiteElo "1928"]
[BlackElo "2071"]

1. e4 e5 2. Nf3 Nc6 3. Bc4 Bc5 4. Nc3 Nf6 5. d3 d6 6. h3 Be6 7. Bb3 O-O 8. Bg5
h6 9. Bh4 a5 10. Nd5 g5 11. Nxg5 Bxd5 12. exd5 hxg5 13. Bxg5 Nd4 14. c3 Nxb3 15.
axb3 Kg7 16. Qf3 Rh8 17. b4 Bb6 18. O-O a4 19. Kh2 Kg6 20. Qg3 Ng4+ 21. Qxg4
Qxg5 22. Qxg5+ Kxg5 23. Kg3 f5 24. f4+ Kf6 25. Rf3 e4 26. dxe4 fxe4 27. Rff1 Rh5
28. Rfe1 Rxd5 29. Rxe4 Rd2 30. Rae1 Rg8+ 31. Kf3 Rf2# 0-1

[Event "Challenge"]
[Site "http://www.queenalice.com/game.php?id=363553"]
[Date "2008.3.1"]
[Round "-"]
[White "SJRomano"]
[Black "Gera"]
[Result "1-0"]
[WhiteElo "2064"]
[BlackElo "1837"]

1. e4 c5 2. Nf3 Nc6 3. Bb5 Qb6 4. Nc3 d6 5. O-O Bg4 6. a4 O-O-O 7. Nd5 Qa5 8. d4
Nf6 9. c3 Nxd5 10. exd5 Nb8 11. h3 Bh5 12. b4 cxb4 13. cxb4 Qb6 14. Qc2+ Qc7 15.
Qf5+ Nd7 16. Qxh5 Kb8 17. Ng5 Nf6 18. Qxf7 Nxd5 19. Qxd5 1-0

[Event "Challenge"]
[Site "http://www.queenalice.com/game.php?id=382541"]
[Date "2008.4.5"]
[Round "-"]
[White "Jorac"]
[Black "SJRomano"]
[Result "0-1"]
[WhiteElo "2027"]
[BlackElo "2132"]

1. e4 e5 2. Nf3 Nc6 3. Bb5 a6 4. Ba4 Nf6 5. O-O b5 6. Bb3 Bc5 7. d3 Bb7 8. c3
O-O 9. Bg5 h6 10. Bh4 Qe7 11. Re1 Rfe8 12. Nbd2 Qd6 13. Nf1 a5 14. Ng3 g6 15.
Qd2 Kg7 16. Red1 a4 17. Bc2 Qe7 18. d4 Bd6 19. h3 exd4 20. cxd4 Bxg3 21. fxg3
Nxe4 22. Bxe4 Qxe4 23. g4 Qd5 24. Bf2 Na5 25. Qc3 Nc4 26. Re1 Bc6 27. Rxe8 Rxe8
28. b3 Nd6 29. Re1 Ne4 30. Qb2 axb3 31. axb3 b4 32. Re2 f6 33. Qc2 Re6 34. Be1
Qd6 35. Qc4 Bd5 36. Qb5 Nc3 37. Rxe6 dxe6 38. Bxc3 bxc3 39. Qd3 Qc6 40. Ne1 Bxg2
41. b4 Be4 42. b5 Bxd3 43. bxc6 Be4 0-1

[Event "Challenge"]
[Site "http://www.queenalice.com/game.php?id=382548"]
[Date "2008.4.5"]
[Round "-"]
[White "HILITO"]
[Black "SJRomano"]
[Result "0-1"]
[WhiteElo "2051"]
[BlackElo "2106"]

1. e4 e5 2. Nf3 Nc6 3. Bb5 Nf6 4. O-O Nxe4 5. Re1 Nd6 6. Bxc6 dxc6 7. Nxe5 Be7
8. d4 O-O 9. Be3 Bf5 10. Nd2 f6 11. Nef3 Re8 12. c4 Qd7 13. a3 Bg6 14. b4 Nf5
15. Qb3 b6 16. d5 cxd5 17. cxd5 Bf7 18. Rac1 Rac8 19. Bf4 g5 20. Be3 Bxd5 21.
Qc3 c5 22. Qb2 g4 23. Ng5 fxg5 24. Nf1 Nh4 25. Ng3 Qc6 26. Nh5 Qg6 27. Ng3 Bxg2
28. Qe2 Bd5 29. Qxg4 Nf3+ 0-1

[Event "Challenge"]
[Site "http://www.queenalice.com/game.php?id=382551"]
[Date "2008.4.5"]
[Round "-"]
[White "trompmaster"]
[Black "SJRomano"]
[Result "0-1"]
[WhiteElo "1971"]
[BlackElo "2124"]

1. d3 d5 2. g3 Nf6 3. Bg2 c6 4. Nf3 Bg4 5. Nbd2 Nbd7 6. h3 Bh5 7. g4 Bg6 8. Nh4
e6 9. O-O Qc7 10. e4 O-O-O 11. Qe2 Bd6 12. Nb3 dxe4 13. dxe4 Bh2+ 14. Kh1 Kb8
15. f4 Bg3 16. Nxg6 hxg6 17. Qf3 Bh4 18. Be3 Nb6 19. Bd4 Ka8 20. Be5 Qe7 21. Qc3
Nxg4 22. Bxg7 Bf6 23. Bxf6 Nxf6 24. a4 Nbd7 25. a5 a6 26. Qe3 e5 27. f5 Rdg8 28.
Rad1 gxf5 29. Rxf5 Nh5 30. Rf3 Rg7 31. Rd2 Rhg8 32. Qh6 Qh4 33. Qe3 Ng3+ 34. Kh2
Nxe4 35. Re2 Ndf6 36. Qb6 Nd5 37. Qg1 Nf4 38. Rxe4 Rxg2+ 39. Qxg2 Rxg2+ 40. Kh1
Qg5 41. Re1 Rh2+ 0-1

[Event "RichardN"]
[Site "http://www.queenalice.com/game.php?id=423870"]
[Date "2008.6.27"]
[Round "5"]
[White "mandacaru"]
[Black "SJRomano"]
[Result "0-1"]
[WhiteElo "1662"]
[BlackElo "2131"]

1. e4 e5 2. Nf3 Nc6 3. Bb5 a6 4. Bxc6 dxc6 5. Nxe5 Qd4 6. Nd3 Qxe4+ 7. Qe2 Bf5
8. Qxe4+ Bxe4 9. Nf4 Bxc2 10. d3 O-O-O 11. Kd2 Bxb1 12. Rxb1 Bc5 13. Ke2 Nf6 14.
Rd1 Rhe8+ 15. Be3 Ng4 16. d4 Rxd4 17. Rxd4 Bxd4 18. Kf3 Nxe3 19. fxe3 Rxe3+ 20.
Kg4 h6 21. g3 g6 22. Ng2 Re2 23. Kh3 g5 24. Ne1 f5 25. Ng2 Bf6 26. g4 fxg4+ 27.
Kxg4 Rxg2+ 28. Kf5 Rxb2 29. Rxb2 Bxb2 0-1